| 000 | 00549nam a22001817a 4500 | ||
|---|---|---|---|
| 005 | 20251108173103.0 | ||
| 008 | 250721s2005 xx 000 0 ara d | ||
| 082 | 1 | 4 | _a615.89/ جعف |
| 100 | 1 | _aجعفر، غسان | |
| 245 | 1 | 0 | _aطب الحجامة " كاسات الهواء" / |
| 264 | 1 |
_aبيروت : _bرشاد برس للطباعة و النشر و التوزيع، _c2005. |
|
| 300 | _a336ص. | ||
| 650 | 1 | 7 | _aالطب الشعبي |
| 650 | 1 | 7 | _aالطب العربي |
| 650 | 1 | 7 | _aالحجامة |
| 942 |
_2ddc _cBK |
||
| 999 |
_c95742 _d95742 |
||